| 000 | 00445nam a2200145Ia 4500 | ||
|---|---|---|---|
| 008 | 220217s9999 xx 000 0 und d | ||
| 245 | 0 | _aRaw rubber and rubber latex- Determination of iron content- 1.10-Phenanthroline photometric method. | |
| 260 | _c1975 | ||
| 500 | _aStandard number: ISO 1657 | ||
| 650 | _a Iron content | ||
| 650 | _a Phenanthroline photometric method | ||
| 650 | _a Raw rubber | ||
| 650 | _a Rubber latex | ||
| 942 | _cST | ||
| 999 |
_c74040 _d74040 |
||